| 000 | 00398nam a2200145Ia 4500 | ||
|---|---|---|---|
| 008 | 220216s9999 xx 000 0 und d | ||
| 100 | _aAboutorabi H | ||
| 245 | 0 | _aCrack growth in twisted rubber disks. Part 1. Fracture energy calculations | |
| 260 |
_bRubber Chemistry and Technology _c1998 |
||
| 300 | _a76-83 | ||
| 700 | _aEbbott T | ||
| 700 | _aGent A N | ||
| 700 | _aYeoh O H | ||
| 942 | _cJS | ||
| 999 |
_c56492 _d56492 |
||